Chemistry for engineers : (Record no. 39774)

MARC details
000 -LEADER
fixed length control field 01009nam a22002417a 4500
005 - DATE AND TIME OF LATEST TRANSACTION
control field 20100806140544.0
010 ## - LCCN (DPL NO)
LC control number ENG-98500-01
020 ## - INTERNATIONAL STANDARD BOOK NUMBER
International Standard Book Number 9788188038889 (v.1)
Terms of availability 100.00
020 ## - INTERNATIONAL STANDARD BOOK NUMBER
International Standard Book Number 9788188038886 (v.2)
Terms of availability 100.00
035 ## - SYSTEM CONTROL NUMBER
System control number EN-82033
035 ## - SYSTEM CONTROL NUMBER
System control number EN-82034
037 ## - SOURCE OF ACQUISITION
Source of stock number/acquisition DBAD/PUB
082 ## - DEWEY DECIMAL CLASSIFICATION NUMBER
Classification number 540.2462
100 ## - MAIN ENTRY--PERSONAL NAME
Personal name Arockiaraj, I.
245 ## - TITLE STATEMENT
Title Chemistry for engineers :
Remainder of title a text book of engineering students /
Statement of responsibility, etc by I. Arockiable
260 ## - PUBLICATION, DISTRIBUTION, ETC. (IMPRINT)
Place of publication, distribution, etc Chennai
Name of publisher, distributor, etc Arumbu Publications
Date of publication, distribution, etc 2008
270 ## - ADDRESS
Address 49, Tailors Road, Kilpauk
City Chennai
Postal code 600010
300 ## - PHYSICAL DESCRIPTION
Extent 2V. (84;83p.)
Dimensions 20cm (pbk)
650 ## - SUBJECT ADDED ENTRY--TOPICAL TERM
Topical term or geographic name as entry element Chemistry
942 ## - ADDED ENTRY ELEMENTS (KOHA)
Source of classification or shelving scheme Dewey Decimal Classification
Item type English Books
Classification part 540.2462
Call number suffix ARO
Holdings
Withdrawn status Lost status Materials specified (bound volume or other part) Not for loan Collection code Home library Current library Date acquired Source of acquisition Cost, normal purchase price Full call number Barcode Copy number Cost, replacement price Koha item type
    V.1 Not For Loan Non-fiction D.B.Act.Division D.B.Act.Division 06/08/2010 DBAD/PUB 100.00 540.2462 ARO EN-82033 1 100.00 English Books
    V.2 Not For Loan Non-fiction D.B.Act.Division D.B.Act.Division 06/08/2010 DBAD/PUB 100.00 540.2462 ARO EN-82034 1 100.00 English Books

© Delhi Public Library
Hit Counter
free hit counter